| 000 | 00664cam a22002531 4500 | ||
|---|---|---|---|
| 001 | sa 68006286 | ||
| 003 | DLC | ||
| 005 | 20260227112515.0 | ||
| 008 | 950117s1967 ii 000 1 tamo | ||
| 010 | _asa 68006286 | ||
| 025 | _aPL480:I-T-2148 | ||
| 035 | _a(OCoLC)31829364 | ||
| 040 |
_aDLC _cCU _dCU _dDLC |
||
| 050 | 0 | 0 |
_aPL4758.8 _b.M86 |
| 100 | 1 |
_aMustapā, Maṇavai, _d1935- |
|
| 245 | 1 | 0 | _aCir̲appuc cir̲ukataikaḷ. |
| 250 | _a[1st ed.] | ||
| 260 | _c[1967] | ||
| 300 |
_a227 p. _c18 cm. |
||
| 500 | _aIn Tamil. | ||
| 500 | _a"Selected short stories from 'Kalki' weekly (1965-1966)." | ||
| 650 | 0 | _aShort stories, Tamil. | |
| 730 | 0 | _aKalki. | |
| 999 |
_c81229 _d81229 |
||